000 00654nam a2200205 i 4500
003 IT-RoINE
005 20210108072914.0
008 920928s1992 sp | r |||| ||spa d
020 _a8460433382
040 _aSpMaBN
_cSpMaBN
_dIT-RoINE
100 1 _96271
_aBriva Mirabent, Antonio,
_cObispo de Astorga,
_d1926-1994
245 1 3 _aLa verdad en el amor :
_bescritos pastorales (1967-1992) /
_cAntonio Briva Mirabent.
260 _aAstorga :
_bObispado,
_c1992.
300 _a395 p. ;
_bil. ;
_c24 cm.
336 _2rdacontent
_atext
337 _2rdamedia
_aunmediated
338 _2rdacarrier
_avolume
650 4 _920319
_aTeologĂ­a pastoral
942 _cMTS
999 _c16481
_d16481